LIBRARY & INFORMATION CENTRE, KCAET, TAVANUR

ONLINE PUBLIC ACCESS CATALOGUE (OPAC)

Physiology of fungi / (Record no. 1811)

MARC details
000 -LEADER
fixed length control field 00418cam a2200169ua 4500
041 ## - LANGUAGE CODE
Language code of text/sound track or separate title eng
082 ## - DEWEY DECIMAL CLASSIFICATION NUMBER
Classification number 589.2
Item number COC/PH
100 ## - MAIN ENTRY--AUTHOR NAME
Personal name Cochrane, Vincent.W .
245 ## - TITLE STATEMENT
Title Physiology of fungi /
260 ## - PUBLICATION, DISTRIBUTION, ETC. (IMPRINT)
Place of publication New York :
Name of publisher John Wiley & Sons ,
Year of publication 1958.
300 ## - PHYSICAL DESCRIPTION
Number of Pages 523 ; .
942 ## - ADDED ENTRY ELEMENTS (KOHA)
Koha item type Books
Holdings
Withdrawn status Lost status Damaged status Home library Current library Date acquired Full call number Accession Number Koha item type
Withdrawn     KAUAET KAUAET 07/04/2012 589.2 COC/PH 8068 Books
free website counter